| 000 | 00611 a2200193 4500 | ||
|---|---|---|---|
| 999 |
_c1866 _d1866 |
||
| 020 | _a9781849203869 | ||
| 050 | 0 | 0 | _aHM 1033 CRI 2010 |
| 100 | 1 |
_aCrisp, Richard J _d1973- _eauthor |
|
| 245 | 1 | 0 |
_aEssential social psychology / _cRichard J. Crisp and Rhiannon N. Turner |
| 250 | _a2nd ed. | ||
| 264 |
_aLondon: _bSage, _c2010 |
||
| 300 |
_axxxii, 440 p. _bill. |
||
| 500 | _aincludes index | ||
| 504 | _aIncludes bibliographical references | ||
| 650 | 0 | _aSocial psychology. | |
| 700 | 1 |
_aTurner, Rhiannon N _eauthor |
|
| 942 |
_2lcc _cBK _e2nd ed. _h1033 _iCRI _kHM |
||